| 000 | 00455cam a2200181 4500 | ||
|---|---|---|---|
| 001 | D16398 | ||
| 008 | 090401t1984 xxu||||| |||| 00| 0 eng d | ||
| 035 | _a(Sirsi) u29121 | ||
| 041 | _aeng | ||
| 050 | _a333.33025 | ||
| 110 |
_aRoyal Institution of Chartered Surveyors _94900 |
||
| 245 | _aYear book 1984/85 | ||
| 260 |
_aLondon _bWaterlow Publishers Ltd _c1984 |
||
| 300 | _alxviii. 1866p. 30cm | ||
| 350 | _a35 | ||
| 942 | _n0 | ||
| 948 | _c04/03/1997 | ||
| 999 |
_c89391 _d89391 |
||